Past participles 1 - Statistics

General Stats
  • This quiz has been taken 57 times
  • The average score is 13 of 15
Answer Stats
Present tense Past participle % Correct
Do Done
95%
Drink Drunk
95%
Run Run
95%
Choose Chosen
91%
Come Come
91%
Begin Begun
89%
Forgive Forgiven
89%
Ride Ridden
89%
Ring Rung
86%
Swim Swum
86%
Freeze Frozen
82%
Fly Flown
73%
Wear Worn
73%
Knot Knotted
64%
Put (golf) Putted
57%
No matching quizzes found
Score Distribution
Percent of People with Each Score
Percentile by Number Answered
Your Score History
You have not taken this quiz